01459nam a2200349Ia 4500001001200000003000800012006001900020007001500039008004100054010001700095020003200112020001500144020001800159040002100177035002100198050002700219100002700246245011500273260006100388300003300449490003100482504005100513533015200564650005300716650005000769651004600819651004000865655002900905710001700934830003200951856012600983ebr10392997CaPaEBRm u cr cn|||||||||030115t20021999miuab sb 001 0 eng d z 98040135  z0472089013 (pbk repr. 2002) z0472109537 z9780472089017 aCaPaEBRcCaPaEBR a(OCoLC)73260552614aHV7936.C83bL86 2002eb1 aLyons, William,d1960-14aThe politics of community policingh[electronic resource] :brearranging the power to punish /cWilliam Lyons. aAnn Arbor :bUniversity of Michigan Press,c2002, c1999. axiv, 241 p. :bill., 5 maps.1 aLaw, meaning, and violence aIncludes bibliographical references and index. aElectronic reproduction.bPalo Alto, Calif. :cebrary,d2011.nAvailable via World Wide Web.nAccess may be limited to ebrary affiliated libraries. 0aCommunity policingzWashington (State)zSeattle. 0aLaw enforcementzWashington (State)zSeattle. 0aSeattle (Wash.)xPolitics and government. 0aSeattle (Wash.)xSocial conditions. 7aElectronic books.2local2 aebrary, Inc. 0aLaw, meaning, and violence.40uhttp://site.ebrary.com/lib/rucke/Doc?id=10392997zAn electronic book accessible through the World Wide Web; click to view